000 00346nam a2200133Ia 4500
005 20260326235448.0
008 260326s9999||||xx |||||||||||||| ||und||
100 _aKlotz, Heinrich
245 4 _aThe History of Postmodern Architecture /
_cHeinrich Klotz
260 _bMIT Press
300 _a461 p.
650 _aARQUITECTURA MODERNA
942 _cBK
999 _c7656
_d7656